[Event "Trapani Province-ch"]
[Site "Erice"]
[Date "2012.01.15"]
[Round "1"]
[White "Sardo, Riccardo"]
[Black "Morana, Marco"]
[Result "1-0"]
[WhiteElo "1692"]
[BlackElo "1440"]
[PlyCount "35"]
[EventDate "2012.01.15"]
[EventType "swiss"]
[EventRounds "6"]
[EventCountry "ITA"]
[SourceTitle "EXT 2024"]
[Source "ChessBase"]
[SourceDate "2023.10.10"]
[SourceVersion "1"]
[SourceVersionDate "2023.10.10"]
[SourceQuality "1"]

1. d4 d5 2. Bf4 Nc6 3. e3 Nf6 4. Bd3 Bd7 5. Nf3 e6 6. h3 Bd6 7. Ne5 0-0 8. Nd2 h6 9. c4 b6 10. Qf3 Re8 11. Rc1 Ne7 12. Bxh6 gxh6 13. Qxf6 Bxe5 14. dxe5 Nc6 15. Qxh6 Nxe5 16. Qh7+ Kf8 17. Qh8+ Ke7 18. Qxe5 1-0

[Event "Sicilia Regional-ch"]
[Site "Marsala"]
[Date "2011.06.01"]
[Round "1"]
[White "Sardo, Riccardo"]
[Black "Gueci, Laura"]
[Result "0-1"]
[WhiteElo "1512"]
[BlackElo "1789"]
[PlyCount "88"]
[EventDate "2011.06.01"]
[EventType "swiss"]
[EventRounds "7"]
[EventCountry "ITA"]
[SourceTitle "EXT 2023"]
[Source "ChessBase"]
[SourceDate "2022.10.05"]
[SourceVersion "1"]
[SourceVersionDate "2022.10.05"]
[SourceQuality "1"]

1. e4 c5 2. Nf3 d6 3. d4 cxd4 4. Nxd4 Nf6 5. Nc3 a6 6. Be2 e5 7. Nf3 Be7 8. Be3 b5 9. Qd3 Bb7 10. b4 Nbd7 11. Nd2 Rc8 12. a4 Qc7 13. Ndb1 bxa4 14. Rxa4 Nb6 15. Bxb6 Qxb6 16. Nd5 Nxd5 17. exd5 0-0 18. 0-0 f5 19. Na3 e4 20. Qe3 Qxe3 21. fxe3 Bg5 22. Kh1 Bxd5 23. Bxa6 Rc3 24. Rd1 Ba8 25. Nb5 Rxc2 26. Nxd6 h6 27. Bc4+ Kh7 28. Be6 Be7 29. Nxf5 Bc6 30. Ra7 Bf6 31. Rc7 Be5 32. Nd4 Bxd4 33. exd4 e3 34. d5 e2 35. Rg1 Rf1 36. Bf5+ Rxf5 37. dxc6 Rf1 38. Re7 Rcc1 39. h3 Rxg1+ 40. Kh2 Rh1+ 41. Kg3 e1Q+ 42. Rxe1 Rhxe1 43. Kf2 Re4 44. b5 Rb4 0-1

[Event "Nicolo La Rosa op 16th"]
[Site "Mazara del Vallo"]
[Date "2008.08.13"]
[Round "5"]
[White "Galfano, Andrea"]
[Black "Sardo, Riccardo"]
[Result "1-0"]
[WhiteElo "1404"]
[BlackElo "1398"]
[PlyCount "53"]
[EventDate "2008.08.11"]
[EventType "swiss"]
[EventRounds "6"]
[EventCountry "ITA"]
[SourceTitle "EXT 2011"]
[Source "ChessBase"]
[SourceDate "2010.11.26"]
[SourceVersion "1"]
[SourceVersionDate "2010.11.26"]
[SourceQuality "1"]

1. e4 e5 2. Nf3 Bc5 3. d4 exd4 4. Nxd4 d6 5. Bc4 Qh4 6. 0-0 Nf6 7. Nf5 Bxf5 8. g3 Qxe4 9. Re1 Bxf2+ 10. Kxf2 Ng4+ 11. Kg1 Nf6 12. Rxe4+ Nxe4 13. Bd5 Nc5 14. Qe2+ Be6 15. Nc3 0-0 16. Bxe6 Nxe6 17. Nb5 Na6 18. Be3 Rfe8 19. Qc4 c6 20. Nxd6 b5 21. Qxc6 Nb4 22. Qd7 Rad8 23. Qxf7+ Kh8 24. Qxe6 Nc6 25. Nf7+ Kg8 26. Nxd8+ Kh8 27. Qxe8# 1-0